000 00975cam a22003017a 4500
003 CHAP
005 20220329135634.0
008 971013s1981 r 00010 d
010 _a39747
011 _a40719
035 _a44845
040 _cCHAP
082 _a632.3
_bF5
100 0 0 _aFischer, Alfred.
_941059
245 1 4 _aThe Fischer-Smith controversy; are there bacterial diseases of plants?
260 _aSt. Paul :
_bAmerican Phytopathological Society,
_c1981
300 _a65 p.
_b: ilus.
490 0 _aPhytopathological classics
_v; 13
590 _aBATCH-UPD
_b10
_c20130109
_lUCH01
_h2352
590 _aBATCH-UPD
_b10
_c20130110
_lUCH01
_h0930
590 _aCONVERSION
_b10
_c20130109
_lUCH01
_h1322
650 1 4 _aPlantas
_xEnfermedades por bacterias.
_988829
700 0 _aSmith, Erwin.
_9107000
830 0 _aPhytopathological classics
_v; 13
_987910
901 _aBK
942 _cLIBRO
949 _a632.3 F5
_bBC
_cLIBRO
_d33724000177515
_eLIBRO
_h57625
_i44845
_si
999 _c39747
_d39747